135 Most Popular Songs Ever - Statistics

General Stats
  • This quiz has been taken 47 times
    28 since last reset
  • The average score is 49 of 135
Answer Stats
Place Artist Percentage Answer % Correct
2 Michael Jackson 81.83 Billie Jean
91%
3 Rick Astley 81.65 Never Gonna Give You Up
86%
1 Queen 86.16 Bohemian Rhapsody
82%
8 A-Ha 76.77 Take On Me
82%
5 Michael Jackson 78.42 Thriller
82%
23 Toto 72.82 Africa
73%
47 Michael Jackson 68.75 Bad
73%
91 Pharrell Williams 63.77 Happy
73%
6 Nirvana 77.30 Smells Like Teen Spirit
73%
18 ABBA 74.02 Dancing Queen
68%
10 Queen 75.80 We Are The Champions
68%
26 Psy 72.07 Gangnam Style
64%
4 Queen 79.52 We Will Rock You
64%
32 Smash Mouth 70.63 All Star
59%
9 Michael Jackson 76.27 Beat It
59%
127 Lil Nas X Old Town Road
59%
7 Bee Gees 76.98 Stayin' Alive
59%
37 The Weeknd 69.95 Blinding Lights
55%
12 Survivor 75.53 Eye Of The Tiger
55%
122 Adele Hello
55%
30 Whitney Houston 71.13 I Will Always Love You
55%
70 Britney Spears 66.03 Toxic
55%
89 Rihanna/Jay-Z 63.94 Umbrella
55%
31 Mark Ronson/Bruno Mars 70.66 Uptown Funk
55%
76 Avicii/Aloe Blacc 64.98 Wake Me Up
55%
79 Spice Girls 64.76 Wannabe
55%
14 Queen 75.36 Another One Bites The Dust
50%
99 Aqua 63.28 Barbie Girl
50%
116 | 133 Blondie Call Me
50%
82 Carly Rae Jepsen 64.59 Call Me Maybe
50%
11 Journey 75.65 Don't Stop Believin'
50%
100 Britney Spears 63.19 Oops! I did it again
50%
73 Lady Gaga 65.60 Poker Face
50%
111 Ed Sheeran Shape Of You
50%
50 Queen/David Bowie 68.16 Under Pressure
50%
28 Louis Armstrong 71.91 What A Wonderful World
50%
19 Village People 73.97 Y.M.C.A.
50%
75 Lady Gaga 65.11 Bad Romance
45%
20 George Michael 73.66 Careless Whisper
45%
74 Shakira 65.19 Hips Don't Lie
45%
13 Bon Jovi 75.37 Livin' On A Prayer
45%
72 Celine Dion 65.71 My Heart Will Go On
45%
52 Adele 67.80 Rolling In The Deep
45%
88 Wiz Khalifa/Charlie Puth 64.09 See You Again
45%
29 The White Stripes 71.37 Seven Nation Army
45%
15 Michael Jackson 75.23 Smooth Criminal
45%
38 Britney Spears 69.72 Baby One More Time
41%
48 AC/DC 68.68 Highway To Hell
41%
54 Eagles 67.60 Hotel California
41%
90 Elvis Presley 63.83 Jailhouse Rock
41%
86 ABBA 64.32 Mamma Mia
41%
101 Aretha Franklin Respect
41%
108 Earth, Wind and Fire September
41%
128 Taylor Swift Shake It Off
41%
21 Europe 73.64 The Final Countdown
41%
93 Eiffel 65 63.70 Blue
36%
77 Tears For Fears 64.97 Everybody Wants To Rule The World
36%
53 The Police 67.63 Every Breath You Take
36%
34 Outkast 70.29 Hey Ya!
36%
117 Vanilla Ice Ice Ice Baby
36%
105 John Lennon Imagine
36%
40 Backstreet Boys 69.28 I Want It That Way
36%
115 Madonna Like A Virgin
36%
16 Eminem 74.99 Lose Yourself
36%
51 The Killers 68.04 Mr. Brightside
36%
43 Goyte 68.84 Somebody That I Used To Know
36%
24 Guns N' Roses 72.65 Sweet Child O' Mine
36%
55 Oasis 67.54 Wonderwall
36%
27 AC/DC 71.99 Back In Black
32%
84 Green Day 64.49 Boulevard Of Broken Dreams
32%
80 Beyonce/Jay-Z 64.74 Crazy In Love
32%
17 Queen 74.92 Don't Stop Me Now
32%
58 Daft Punk/Pharrell Williams 67.02 Get Lucky
32%
98 Cyndi Lauper 63.38 Girls Just Want To Have Fun
32%
46 The Beatles 68.76 Hey Jude
32%
63 Black Eyed Peas 66.62 I Gotta Feeling
32%
85 50 Cent 64.43 In Da Club
32%
67 Gloria Gaynor 66.37 I Will Survive
32%
64 Led Zeppelin 66.48 Stairway To Heaven
32%
22 Coldplay 72.97 Viva La Vida
32%
113 | 129 The Cranberries Zombie
32%
25 Coolio/L.V. 72.42 Gangsta's Paradise
27%
83 Ray Parker Jr. 64.57 Ghostbusters
27%
87 The Animals 64.15 House Of The Rising Sun
27%
95 The Jackson 5 63.53 I Want You Back
27%
78 The Beatles 64.81 Let It Be
27%
36 Los Del Rio 70.20 Macarena
27%
68 Linkin Park 66.30 Numb
27%
35 Lynyrd Skynyrd 70.21 Sweet Home Alabama
27%
81 Pink Floyd 64.62 Another Brick In The Wall Part 2
23%
110 Luis Fonsi/Daddy Yanky Despacito
23%
45 Aerosmith 68.80 Dream On
23%
104 The Monkees I'm a Believer
23%
42 Elton John 68.88 I'm Still Standing
23%
114 Prince/The Revolution Purple Rain
23%
92 Boney M. 63. 73 Rasputin
23%
62 Neil Diamond 66.63 Sweet Caroline
23%
66 John Denver 66.42 Take Me Home, Country Roads
23%
44 Eminem 68.81 The Real Slim Shady
23%
39 AC/DC 69.57 Thunderstruck
23%
56 MC Hammer 67.45 U Can't Touch This
23%
121 Madonna Vogue
23%
59 Shakira 66.95 Waka Waka (This Time For Africa)
23%
125 Usher, Ludacris and Little Jon Yeah!
23%
112 Elvis Presley Hound Dog
18%
126 Beyonce Single Ladies
18%
49 Dr. Dre/Snoop Dogg 68.36 Still D.R.E.
18%
65 Wham! 66.42 Wake Me Up Before You Go-Go
18%
69 Eminem 66.28 Without Me
18%
109 The Beach Boys Good Vibrations
14%
57 The Beatles 67.07 Here Comes The Sun
14%
123 Katy Perry I Kissed A Girl
14%
134 The Beatles I Wann
14%
61 Whitney Houston 66.76 I Wanna Dance With Somebody
14%
97 Queen 63.44 I Want To Break Free
14%
118 Eminem My Name Is
14%
33 Eurythmics 70.55 Sweet Dreams Are Made Of This
14%
96 Dr. Dre/Snoop Dogg 63.50 The Next Episode
14%
135 Simon & Garfunkel The Sound Of Silence
14%
71 Guns N' Roses 65.93 Welcome To The Jungle
14%
94 Haddaway 63.69 What Is Love
14%
132 Marvin Gaye& Tammi Terrell Ain't No Mountain High Enough
9%
107 2Pac/Dr. Dre California Love
9%
130 Kanye West Gold Digger
9%
131 James Brown I Got You(I Feel Good)
9%
41 Linkin Park 68.96 In The End
9%
106 The Beatles I Want To Hold Your Hand
9%
124 Marvin Gaye Let's Get It On
9%
103 Ricky Martin Livin' La Vida Loca
9%
60 ABBA 66.79 Gimme! Gimme! Gimme! A Man After Midnight
5%
102 Rolling Stones (I Can't Get No) Satisfaction
5%
119 James Brown I Got You (I Feel Good)
5%
120 Bob Marley Three Little Birds
5%
No matching quizzes found
Score Distribution
Percent of People with Each Score
Percentile by Number Answered
Your Score History
You have not taken this quiz since the last reset